|
|
|
|
| LEADER |
00000naa2a2200000 4500 |
| 001 |
612911 |
| 005 |
20260224145124.0 |
| 035 |
|
|
|a (RuTPU)RU\TPU\conf\11042
|
| 035 |
|
|
|a RU\TPU\conf\11037
|
| 090 |
|
|
|a 612911
|
| 100 |
|
|
|a 20150630d2015 k y0rusy50 ca
|
| 101 |
0 |
|
|a rus
|
| 102 |
|
|
|a RU
|
| 105 |
|
|
|a y z 101zy
|
| 135 |
|
|
|a drgn ---uucaa
|
| 181 |
|
0 |
|a i
|
| 182 |
|
0 |
|a b
|
| 200 |
1 |
|
|a Разработка стендов для лабораторного практикума по курсу "Электротехническое материаловедение"
|f А. А. Термер, А. В. Чубукин, А. А. Денисевич
|
| 203 |
|
|
|a Текст
|c электронный
|
| 225 |
1 |
|
|a Информационные технологии, автоматизация и системы управления
|
| 300 |
|
|
|a Заглавие с титульного экрана
|
| 320 |
|
|
|a [Библиогр.: с. 334 (2 назв.)]
|
| 337 |
|
|
|a Adobe Reader
|
| 463 |
|
0 |
|0 (RuTPU)RU\TPU\conf\10637
|t Физико-технические проблемы в науке, промышленности и медицине
|o сборник тезисов докладов VII Международной научно-практической конференции, г. Томск, 3-6 июня 2015 г.
|f Национальный исследовательский Томский политехнический университет (ТПУ) ; под ред. А. Н. Дьяченко [и др.]
|v [С. 334]
|d 2015
|
| 610 |
1 |
|
|a труды учёных ТПУ
|
| 610 |
1 |
|
|a электронный ресурс
|
| 610 |
1 |
|
|a стенды
|
| 610 |
1 |
|
|a лабораторные практикумы
|
| 610 |
1 |
|
|a электротехническое материаловедение
|
| 610 |
1 |
|
|a лабораторные стенды
|
| 700 |
|
1 |
|a Термер
|b А. А.
|
| 701 |
|
1 |
|a Чубукин
|b А. В.
|
| 701 |
|
1 |
|a Денисевич
|b А. А.
|c специалист в области электротехники
|c ассистент кафедры Томского политехнического университета, инженер-проектировщик
|f 1987-
|g Александр Александрович
|3 (RuTPU)RU\TPU\pers\28163
|9 13121
|
| 712 |
0 |
2 |
|a Национальный исследовательский Томский политехнический университет
|c (2009- )
|9 26305
|
| 801 |
|
2 |
|a RU
|b 63413507
|c 20210210
|g RCR
|
| 856 |
4 |
|
|u http://earchive.tpu.ru/handle/11683/17564
|
| 856 |
4 |
|
|u http://www.lib.tpu.ru/fulltext/c/2015/C49/304.pdf
|
| 942 |
|
|
|c BK
|